| 000 | 00449pab a2200169 454500 | ||
|---|---|---|---|
| 008 | 180718b1988 xxu||||| |||| 00| 0 eng d | ||
| 100 | _aShome, Dilip K. | ||
| 245 |
_aThe purchasing power of money and nominal interest rates _bA re-examination |
||
| 260 | _c1988 | ||
| 300 | _a1113-1125 | ||
| 362 | _aDec. | ||
| 650 | _aPurchasing | ||
| 700 | _aJohn M. Pinkerton | ||
| 700 | _aStephen D. Smith | ||
| 773 | _aJournal of Finance | ||
| 909 | _a16979 | ||
| 999 |
_c16979 _d16979 |
||